ၶပ်ႉမၢႆပၢင်ၵုမ်လႄႈပုၵ်ႈႁုပ်ႈယေႃႈ၊ ပၢင်ၵုမ်ၶွၼ်ႇၾရႅၼ်ႉလိၵ်ႈလူင်ပွၵ်ႈၵမ်း4၊ ၵျွင်းၵျိၼ်းတေႃႇယၢၼ်ႇ၊ ဝဵင်းတႃႈလိူဝ်ႇ။ (Record no. 24663)

000 -LEADER
fixed length control field 01192nam a22002297a 4500
003 - CONTROL NUMBER IDENTIFIER
control field OSt
005 - DATE AND TIME OF LATEST TRANSACTION
control field 20260128094401.0
008 - FIXED-LENGTH DATA ELEMENTS--GENERAL INFORMATION
fixed length control field 230522b ||||| |||| 00| 0 eng d
040 ## - CATALOGING SOURCE
Original cataloging agency SSBUL
Transcribing agency SSBUL
041 ## - LANGUAGE CODE
Language code of text/sound track or separate title Shan
082 ## - DEWEY DECIMAL CLASSIFICATION NUMBER
Classification number 895.9191
245 ## - TITLE STATEMENT
Title ၶပ်ႉမၢႆပၢင်ၵုမ်လႄႈပုၵ်ႈႁုပ်ႈယေႃႈ၊ ပၢင်ၵုမ်ၶွၼ်ႇၾရႅၼ်ႉလိၵ်ႈလူင်ပွၵ်ႈၵမ်း4၊ ၵျွင်းၵျိၼ်းတေႃႇယၢၼ်ႇ၊ ဝဵင်းတႃႈလိူဝ်ႇ။
260 ## - PUBLICATION, DISTRIBUTION, ETC.
Place of publication, distribution, etc. ဝဵင်းလိူဝ်ႇ
Name of publisher, distributor, etc. တႆးၵမ်ႇပေႃးၸ
Date of publication, distribution, etc. 2016
300 ## - PHYSICAL DESCRIPTION
Extent U၊ 186 ၼႃႈ
Dimensions 21 ၸိၼ်ႇထီႇ
500 ## - GENERAL NOTE
General note 2481ပဵၼ်ပပ်ႉၸဝ်ႈတႃႇၼႁင်းၶေႃ တွၵ်ႉတိူဝ်ႇၸၢႆးဢွင်ႇထုၼ်း
General note S-SAT: Dr. Prof Sai Aung Tun
650 ## - SUBJECT ADDED ENTRY--TOPICAL TERM
Topical term or geographic name entry element လိၵ်ႈလၢႆးတႆး-ၶွၼ်ႇၾရႅၼ်ႉ
Topical term or geographic name entry element ပုတ်ႉထၽႃႇသႃႇ-ၶွၼ်ႇၾရႅၼ်ႉ
942 ## - ADDED ENTRY ELEMENTS (KOHA)
Koha item type Books (Long term)
650 ## - SUBJECT ADDED ENTRY--TOPICAL TERM
9 (RLIN) 22816
9 (RLIN) 22817
Source of classification or shelving scheme
Source of classification or shelving scheme
Holdings
Withdrawn status Lost status Source of classification or shelving scheme Damaged status Not for loan Collection Code Permanent Location Current Location Shelving location Date acquired Total Checkouts Full call number Barcode Date last seen Copy number Price effective from Koha item type Accession Date last checked out
          Tai Collection Shan State Buddhist University Library Shan State Buddhist University Library Tai Shelves 22/05/2023   895.9191 ၶပ်ႉ ႓႑႔(1) SH00000314 22/05/2023 1 22/05/2023 Books (Long term) ႓႑႔(1)  
          Tai Collection Shan State Buddhist University Library Shan State Buddhist University Library Tai Shelves 22/05/2023   895.9191 ၶပ်ႉ ႓႑႕(2) SH00000315 22/05/2023 2 22/05/2023 Books (Long term) ႓႑႕(2)  
          Tai Collection Shan State Buddhist University Library Shan State Buddhist University Library Tai Shelves 22/05/2023   895.9191 ၶပ်ႉ ႓႑႙(3) SH00000319 22/05/2023 3 22/05/2023 Books (Long term) ႓႑႙(3)  
          Tai Collection Shan State Buddhist University Library Shan State Buddhist University Library Tai Shelves 22/05/2023   895.9191 ၶပ်ႉ ႓႖႙(4) SH00000369 22/05/2023 4 22/05/2023 Books (Long term) ႓႖႙(4)  
          Tai Collection Shan State Buddhist University Library Shan State Buddhist University Library Tai Shelves 22/05/2023 1 895.9191 ၶပ်ႉ ႓႗႐(5) SH00000370 26/01/2024 5 22/05/2023 Books (Long term) ႓႗႐(5) 30/12/2023
          Tai Collection Shan State Buddhist University Library Shan State Buddhist University Library Tai Shelves 22/05/2023 2 895.9191 ၶပ်ႉ ႓႗႑(6) SH00000371 18/09/2024 6 22/05/2023 Books (Long term) ႓႗႑(6) 20/08/2024
          Special Collections Shan State Buddhist University Library Shan State Buddhist University Library Special Collection Shelves 22/05/2023   895.9191 ၶပ်ႉ ႒႔႘႑ S-SAT SH00002481 22/05/2023 7 22/05/2023 Book (Short term) ႒႔႘႑ S-SAT  

Library - 09407999929
Admin Office - 09407999979
Dean Office - 09250910768
Registrar Office - 09892297154
Email - [email protected]
Shan State Buddhist University, Phaya Phyu Taunggyi, Shan State, Myanmar.